|
|
|
|
| LEADER |
00000nab#a22000007a#4500 |
| 001 |
arbauad004854 |
| 003 |
AR-BaUAD |
| 005 |
20250711110651.0 |
| 008 |
940719|||||||||###||||||b###|0###a|spa|| |
| 040 |
|
|
|a AR-BaUAD
|c AR-BaUAD
|b spa
|
| 100 |
|
|
|a Crespo Toral, Hernán
|
| 245 |
|
|
|a Defensa del patrimonio :
|b exportación ilícita de piezas arqueológicas /
|c Hernán Crespo Toral;
|
| 300 |
0 |
|
|b fot.
|
| 653 |
|
|
|a PATRIMONIO CULTURAL
|
| 653 |
|
|
|a ARQUEOLOGIA
|
| 653 |
|
|
|a AMERICA LATINA
|
| 773 |
0 |
|
|t Dana
|g no. 19 [jun. 1985], p. 102-104
|
| 942 |
|
|
|c ARTI
|
| 952 |
|
|
|0 0
|1 0
|4 0
|7 0
|9 49774
|a AR-BAuAD
|b AR-BAuAD
|d 2025-07-11
|l 0
|p AAQA004854
|r 2025-07-11 11:06:51
|w 2025-07-11
|y ARTI
|
| 990 |
|
|
|a AQ198
|b TD
|
| 998 |
|
|
|a AAQ
|b BIBUN76
|
| 999 |
|
|
|c 29447
|d 29447
|